000 00625nam a22002057a 4500
999 _c3072
_d3072
003 AR-CdUCM
008 190305b ||||| |||| 00| 0 spa d
040 _aMUNICIPALIDAD PROVINCIAL DEL CUSCO
_cBIBLIOTECA MUNICIPAL DEL CUSCO
082 _a869.56 /
_bB67
100 _aBacacorzo, Xavier
_95182
245 _aIra y amor por la sangre de Camboya /
260 _aLima :
_b Palabra y Fuego,
_c1970.
300 _a10 hojas ;
_c21 cm.
500 _aDonación de la familia Nieto
650 _aPoesía Peruana
_92266
650 _aVietnan en la poesía
_910419
650 _aSiglo XX
_98
942 _2ddc
_cLIBROS
945 _araen